[Event "I Memorial Victorio Riego Prieto"]
[Site "?"]
[Date "2011.01.05"]
[Round "1.1"]
[White "Della Morte, German"]
[Black "Villalba, Marcelo"]
[Result "0-1"]
[WhiteElo "2345"]
[BlackElo "2149"]
[PlyCount "66"]
[EventDate "2011.01.05"]
[SourceDate "2011.01.05"]

1. e4 e5 2. Nf3 Nc6 3. Bb5 Nf6 4. O-O Bc5 5. Bxc6 dxc6 6. Nxe5 Nxe4 7. Qe2 Qd5
8. d4 Bxd4 9. Nf3 Be6 10. Nxd4 Qxd4 11. Rd1 Qc4 12. Qe1 Nd6 13. Na3 Qg4 14. f3
Qg6 15. Qa5 O-O 16. Qxc7 Bh3 17. g4 Qf6 18. Rd3 Rad8 19. Bd2 Nb5 20. Qf4 Qxb2
21. Rb1 Qxa2 22. Rxd8 Rxd8 23. Re1 Qxa3 24. Bb4 Qa2 25. Qd2 Qd5 26. Qe2 h5 27.
c4 Nc3 28. Qc2 Qd4+ 29. Kh1 Nd1 30. Re2 Nf2+ 31. Kg1 Nxg4+ 32. Kh1 Nf2+ 33. Kg1
Nd3+ 0-1

[Event "I Memorial Victorio Riego Prieto"]
[Site "?"]
[Date "2011.01.05"]
[Round "1.2"]
[White "Spata, German"]
[Black "Vazquez, Guillermo"]
[Result "1-0"]
[WhiteElo "2330"]
[BlackElo "2168"]
[PlyCount "119"]
[EventDate "2011.01.05"]
[SourceDate "2011.01.05"]

1. d4 d6 2. Nf3 f5 3. c4 Nf6 4. g3 g6 5. Bg2 Bg7 6. O-O O-O 7. Nc3 Nc6 8. d5
Na5 9. Qa4 c5 10. dxc6 Nxc6 11. Rd1 Qa5 12. Qb3 Kh8 13. Bd2 Qb4 14. Qxb4 Nxb4
15. Nb5 Nc6 16. Nc7 Rb8 17. Ng5 Nd8 18. c5 h6 19. cxd6 exd6 20. Nh3 g5 21. Bc3
Nf7 22. Nb5 Bd7 23. Nxd6 Nxd6 24. Rxd6 Bb5 25. e3 f4 26. e4 Bc6 27. f3 fxg3 28.
hxg3 g4 29. Nf4 gxf3 30. Ng6+ Kg8 31. Nxf8 Nxe4 32. Rxc6 bxc6 33. Bxg7 Kxg7 34.
Ne6+ Kf6 35. Bxf3 Nd2 36. Bg4 Rg8 37. Bh3 Rxg3+ 38. Kh2 Re3 39. Nf4 Nf3+ 40.
Kh1 Kg5 41. Ng2 Re2 42. b3 Rb2 43. Rf1 Nd4 44. Rd1 Nf3 45. Rc1 Rxa2 46. Rc5+
Kg6 47. Rxc6+ Kg5 48. Rc5+ Kg6 49. Rc1 Rb2 50. Bg4 Rxb3 51. Bxf3 a5 52. Kh2 a4
53. Kg3 a3 54. Rc6+ Kg7 55. Ra6 h5 56. Kf4 Rb4+ 57. Be4 Rb3 58. Nh4 Rc3 59.
Nf5+ Kf8 60. Bd5 1-0

[Event "I Memorial Victorio Riego Prieto"]
[Site "?"]
[Date "2011.01.05"]
[Round "1.3"]
[White "Brito, Luismar"]
[Black "Catelli, Hernan"]
[Result "1/2-1/2"]
[WhiteElo "2319"]
[BlackElo "2212"]
[PlyCount "95"]
[EventDate "2011.01.05"]
[SourceDate "2011.01.05"]

1. e4 e6 2. Nf3 d5 3. Nc3 Nf6 4. e5 Nfd7 5. d4 c5 6. dxc5 Nc6 7. Bf4 Bxc5 8.
Bd3 a6 9. O-O h6 10. h3 b5 11. Re1 Nb6 12. a4 b4 13. Ne2 Nc4 14. Qc1 Qb6 15.
Bg3 Qc7 16. Nf4 Nd4 17. Nd2 Bb7 18. Nh5 O-O-O 19. Kh2 g6 20. Nf6 Nf5 21. Nf3
Nxg3 22. fxg3 Be7 23. Bxc4 dxc4 24. Ne4 g5 25. Qe3 Kb8 26. b3 c3 27. Rad1 a5
28. Qe2 Rxd1 29. Rxd1 Rd8 30. Rxd8+ Qxd8 31. Qb5 Ka7 32. Nd6 Bxd6 33. exd6 Qxd6
34. Qxa5+ Kb8 35. Qb5 f6 36. a5 Ka7 37. Ne1 Be4 38. Kg1 Qd4+ 39. Kh2 h5 40. Qe8
h4 41. Qxe6 Qf2 42. gxh4 Qxe1 43. Qe7+ Ka8 44. Qd8+ Kb7 45. Qe7+ Kc6 46. Qxf6+
Kd5 47. Qd8+ Ke6 48. Qe8+ 1/2-1/2

[Event "I Memorial Victorio Riego Prieto"]
[Site "?"]
[Date "2011.01.05"]
[Round "1.4"]
[White "Larrea, Manuel"]
[Black "Valiente, Cristobal"]
[Result "1/2-1/2"]
[WhiteElo "2311"]
[BlackElo "2257"]
[PlyCount "131"]
[EventDate "2011.01.05"]
[SourceDate "2011.01.05"]

1. d4 Nf6 2. c4 e6 3. Nc3 Bb4 4. f3 d5 5. Bg5 h6 6. Bh4 c5 7. a3 Bxc3+ 8. bxc3
cxd4 9. cxd4 Nc6 10. e3 O-O 11. Bd3 b6 12. Ne2 Bb7 13. O-O Rc8 14. cxd5 exd5
15. Bf5 Rc7 16. e4 dxe4 17. fxe4 g5 18. Bg3 Re7 19. d5 Nxe4 20. dxc6 Qxd1 21.
Raxd1 Bxc6 22. Nd4 Ba4 23. Rde1 Rfe8 24. Bxe4 Rxe4 25. Nf5 R4e6 26. Nd6 Rxe1
27. Rxe1 Rxe1+ 28. Bxe1 Bd7 29. Kf2 f5 30. Ke3 Kg7 31. Bc3+ Kg6 32. Kd4 f4 33.
Ke5 Kh5 34. Ne4 Bc6 35. Bb4 a6 36. Bd6 Kg6 37. Be7 b5 38. Bb4 Ba8 39. Be1 Bc6
40. g3 fxg3 41. Nxg3 h5 42. Nf5 Bb7 43. Nd4 h4 44. Kd6 Kh5 45. Kc7 Bd5 46. Kb6
Bc4 47. Nf3 Kg4 48. Ng1 Kf5 49. Kc5 Ke4 50. a4 Bf1 51. a5 Ke3 52. Kb6 g4 53.
Kc5 g3 54. hxg3 h3 55. Nxh3 Bxh3 56. Kb6 Bf1 57. Kxa6 b4+ 58. Kb6 b3 59. Bc3
Kf3 60. Be5 Ke4 61. Bb2 Kf3 62. Be5 Ke4 63. Bb2 Kf3 64. a6 Kxg3 65. a7 Bg2 66.
Bh8 1/2-1/2

[Event "I Memorial Victorio Riego Prieto"]
[Site "?"]
[Date "2011.01.05"]
[Round "1.5"]
[White "Latorre, Manuel"]
[Black "Peralta, Eduardo"]
[Result "1-0"]
[WhiteElo "2296"]
[BlackElo "2270"]
[PlyCount "85"]
[EventDate "2011.01.05"]
[SourceDate "2011.01.05"]

1. e4 c5 2. Nf3 Nc6 3. Bb5 d6 4. e5 d5 5. O-O Bg4 6. h3 Bxf3 7. Bxc6+ bxc6 8.
Qxf3 e6 9. d3 Ne7 10. b3 Nf5 11. Re1 Be7 12. Bb2 O-O 13. Nd2 a5 14. a4 Rb8 15.
Bc3 Nd4 16. Qd1 Qb6 17. Nf3 Rfd8 18. Kh1 Rd7 19. g4 Qa7 20. Rf1 Rbd8 21. Nd2 f6
22. Bb2 Qa6 23. Kg2 Rb7 24. Rb1 fxe5 25. c3 Nxb3 26. Nxb3 c4 27. Nd2 cxd3 28.
Re1 e4 29. f3 Bh4 30. fxe4 Qa7 31. Rf1 Qb8 32. Qf3 dxe4 33. Nxe4 Rxb2+ 34. Rxb2
Qxb2+ 35. Kh1 h6 36. g5 Qe2 37. Qf4 Bxg5 38. Nxg5 hxg5 39. Qf7+ Kh8 40. Rf3 Qe4
41. Qh5+ Qh7 42. Qxg5 d2 43. Qxd8+ 1-0

[Event "I Memorial Victorio Riego Prieto"]
[Site "?"]
[Date "2011.01.05"]
[Round "1.6"]
[White "Kropff, Ricardo"]
[Black "Guimaraes, Wagner Peixoto"]
[Result "1/2-1/2"]
[WhiteElo "2294"]
[BlackElo "2289"]
[PlyCount "102"]
[EventDate "2011.01.05"]
[SourceDate "2011.01.05"]

1. d4 Nf6 2. Nf3 e6 3. c4 b6 4. g3 Ba6 5. Nbd2 Bb4 6. Qc2 Bb7 7. Bg2 Be4 8. Qb3
Nc6 9. O-O Bxd2 10. Bxd2 O-O 11. Qe3 d6 12. Rfd1 a5 13. Rac1 Ra7 14. Bc3 Nb4
15. Bd2 Qa8 16. a3 Nc6 17. Bh3 Ne7 18. g4 Bg6 19. Nh4 Qe4 20. Nxg6 Qxg6 21. Qg5
Qe4 22. Qf4 Qxe2 23. Re1 Qd3 24. Rc3 Qg6 25. Rg3 Nc6 26. Bc3 e5 27. dxe5 dxe5
28. Bxe5 Nxe5 29. Rxe5 Nd7 30. Re7 Nc5 31. Rge3 Ne6 32. Qf5 Raa8 33. Bg2 Rad8
34. Bd5 Qxf5 35. gxf5 Nf4 36. Rxc7 Nxd5 37. cxd5 Rxd5 38. Rb3 Rxf5 39. Rxb6 h6
40. Ra7 Rd8 41. Rb3 Rd2 42. f3 Rc5 43. Rc3 Rg5+ 44. Kf1 Rxb2 45. Rc8+ Kh7 46.
Rxf7 Rxh2 47. Rcc7 h5 48. f4 Rgg2 49. f5 Rf2+ 50. Ke1 Re2+ 51. Kf1 Rhf2+
1/2-1/2

[Event "I Memorial Victorio Riego Prieto"]
[Site "?"]
[Date "2011.01.06"]
[Round "2.1"]
[White "Villalba, Marcelo"]
[Black "Guimaraes, Wagner Peixoto"]
[Result "1/2-1/2"]
[WhiteElo "2149"]
[BlackElo "2289"]
[PlyCount "31"]
[EventDate "2011.01.05"]
[SourceDate "2011.01.05"]

1. e4 c5 2. Nf3 e6 3. d4 cxd4 4. Nxd4 Nc6 5. Nc3 a6 6. Be3 Nf6 7. Bd3 Qc7 8.
O-O b5 9. Nxc6 dxc6 10. a4 b4 11. Nb1 c5 12. Nd2 Bb7 13. b3 h5 14. h3 h4 15.
Qf3 Be7 16. Nc4 1/2-1/2

[Event "I Memorial Victorio Riego Prieto"]
[Site "?"]
[Date "2011.01.06"]
[Round "2.2"]
[White "Peralta, Eduardo"]
[Black "Kropff, Ricardo"]
[Result "0-1"]
[WhiteElo "2270"]
[BlackElo "2294"]
[PlyCount "140"]
[EventDate "2011.01.05"]
[SourceDate "2011.01.05"]

1. e4 e5 2. Nf3 Nf6 3. d4 exd4 4. e5 Ne4 5. Qxd4 d5 6. exd6 Nxd6 7. Nc3 Nc6 8.
Qf4 g6 9. Be3 Bg7 10. O-O-O O-O 11. h4 Qf6 12. Qxf6 Bxf6 13. Nb5 Nxb5 14. Bxb5
Ne7 15. Bh6 Bg7 16. Bxg7 Kxg7 17. Rhe1 Nf5 18. Bd3 Rd8 19. g3 h6 20. b3 Nd6 21.
Ne5 Re8 22. Re3 Be6 23. Rde1 Nf5 24. Bxf5 Bxf5 25. g4 Be6 26. f4 Rad8 27. g5
hxg5 28. hxg5 Rh8 29. Rd3 Rxd3 30. Nxd3 Rh4 31. Kd2 b6 32. Rf1 Bf5 33. Rf2 f6
34. gxf6+ Kxf6 35. Nb4 Be4 36. Nd3 Kf5 37. Ke3 c5 38. Nb2 Rh3+ 39. Kd2 Kg4 40.
Nd3 Bxd3 41. cxd3 Rf3 42. Rg2+ Kf5 43. Rg5+ Kf6 44. Rg2 Rxf4 45. Ke3 g5 46. a3
Kf5 47. Rh2 Rh4 48. Rf2+ Ke5 49. Rf7 Rh3+ 50. Kd2 a5 51. Rb7 Rh6 52. Ke3 Re6
53. Rd7 Rd6 54. Re7+ Kf5 55. Rf7+ Kg4 56. b4 axb4 57. axb4 Re6+ 58. Kd2 cxb4
59. Rf1 Kh3 60. Rh1+ Kg2 61. Rb1 g4 62. Rxb4 g3 63. d4 Kf3 64. d5 Rd6 65. Ke1
Rxd5 66. Rb3+ Kg2 67. Rxb6 Re5+ 68. Kd2 Kg1 69. Rf6 g2 70. Rf8 Rh5 0-1

[Event "I Memorial Victorio Riego Prieto"]
[Site "?"]
[Date "2011.01.06"]
[Round "2.3"]
[White "Valiente, Cristobal"]
[Black "Latorre, Manuel"]
[Result "1/2-1/2"]
[WhiteElo "2257"]
[BlackElo "2296"]
[PlyCount "56"]
[EventDate "2011.01.05"]
[SourceDate "2011.01.05"]

1. Nf3 Nf6 2. c4 g6 3. g3 Bg7 4. Bg2 O-O 5. O-O d6 6. Nc3 e5 7. d3 a6 8. Rb1
Nh5 9. Bd2 f5 10. e3 f4 11. Ne1 c6 12. Qe2 fxg3 13. hxg3 Nf6 14. e4 Bg4 15. Bf3
Bh3 16. Bg2 Bg4 17. Bf3 Bh3 18. Bg2 Be6 19. Nc2 b5 20. b3 c5 21. a4 bxc4 22.
bxc4 Nc6 23. Nd5 Rb8 24. a5 Rxb1 25. Rxb1 Nxa5 26. Ra1 Nb3 27. Rxa6 Bc8 28. Ra2
Nxd5 1/2-1/2

[Event "I Memorial Victorio Riego Prieto"]
[Site "?"]
[Date "2011.01.06"]
[Round "2.4"]
[White "Catelli, Hernan"]
[Black "Larrea, Manuel"]
[Result "1-0"]
[WhiteElo "2212"]
[BlackElo "2311"]
[PlyCount "109"]
[EventDate "2011.01.05"]
[SourceDate "2011.01.05"]

1. Nf3 Nf6 2. c4 c5 3. Nc3 b6 4. g3 Bb7 5. Bg2 e6 6. O-O Be7 7. d4 cxd4 8. Nxd4
Bxg2 9. Kxg2 a6 10. e4 d6 11. Be3 O-O 12. f3 Qc7 13. Rc1 Nbd7 14. Qd2 Rfe8 15.
Rfd1 Bf8 16. b3 Rad8 17. Qf2 Qb7 18. Nde2 b5 19. cxb5 axb5 20. b4 Ne5 21. Bg5
d5 22. exd5 exd5 23. Nd4 Bxb4 24. Ncxb5 Be7 25. Nc7 Rf8 26. Nf5 Ba3 27. Bxf6
gxf6 28. Rc3 Rd7 29. Rxa3 Rxc7 30. g4 Ng6 31. Qe3 Kh8 32. Rxd5 Re8 33. Qd4 Rc2+
34. Kg3 Qc7+ 35. f4 Rc6 36. Rd3 Ne7 37. Nd6 Nxd5 38. Nxe8 Qe7 39. Qxd5 Qe1+ 40.
Kh3 Qf1+ 41. Kg3 Qe1+ 42. Kf3 Rc2 43. g5 h5 44. gxh6 Qe2+ 45. Kg3 Qxh2+ 46. Kg4
Rg2+ 47. Kf5 Rg6 48. Qxf7 Qh5+ 49. Ke4 Qe2+ 50. Kd4 Qb2+ 51. Kc5 Qf2+ 52. Rd4
Qc2+ 53. Kd6 f5+ 54. Nf6 Qc3 55. Qh7# 1-0

[Event "I Memorial Victorio Riego Prieto"]
[Site "?"]
[Date "2011.01.06"]
[Round "2.5"]
[White "Vazquez, Guillermo"]
[Black "Brito, Luismar"]
[Result "0-1"]
[WhiteElo "2168"]
[BlackElo "2319"]
[PlyCount "96"]
[EventDate "2011.01.05"]
[SourceDate "2011.01.05"]

1. Nf3 b5 2. e4 Bb7 3. Bxb5 Bxe4 4. O-O e6 5. d4 Nf6 6. c4 Be7 7. Nc3 Bb7 8. d5
O-O 9. Ba4 Na6 10. a3 Nc5 11. Bc2 a5 12. Be3 Re8 13. Re1 Rb8 14. Ne5 Bf8 15.
Bd4 Ba8 16. Rb1 exd5 17. Nxd5 Bxd5 18. cxd5 Nb7 19. Qf3 Nd6 20. a4 Qc8 21. Qd3
Rb4 22. Ng4 Nfe4 23. Bc3 f5 24. Bxb4 axb4 25. Ne3 g6 26. Nf1 Qb7 27. Ng3 Qb6
28. Qe3 Nc5 29. Qf3 b3 30. Bd3 Rxe1+ 31. Rxe1 Nxa4 32. Re2 Qd4 33. Qe3 Bg7 34.
Qxd4 Bxd4 35. Re7 Bxb2 36. Rxd7 Nc5 37. Rd8+ Kf7 38. Bb1 Ke7 39. Rb8 Be5 40.
Nf1 Nc4 41. Ra8 Bd4 42. h4 b2 43. h5 Ne4 44. hxg6 hxg6 45. Rc8 Bxf2+ 46. Kh2
Bb6 47. Rg8 Na3 48. Ba2 Nc3 0-1

[Event "I Memorial Victorio Riego Prieto"]
[Site "?"]
[Date "2011.01.06"]
[Round "2.6"]
[White "Della Morte, German"]
[Black "Spata, German"]
[Result "1/2-1/2"]
[WhiteElo "2345"]
[BlackElo "2330"]
[PlyCount "31"]
[EventDate "2011.01.05"]
[SourceDate "2011.01.05"]

1. e4 e6 2. d4 d5 3. Nc3 dxe4 4. Nxe4 Nd7 5. Nf3 Ngf6 6. Bg5 Be7 7. Nxf6+ Bxf6
8. Bxf6 Qxf6 9. Bc4 O-O 10. Qe2 Nb6 11. Bb3 c5 12. c3 cxd4 13. cxd4 Bd7 14. O-O
Rad8 15. Rfe1 Rfe8 16. Rad1 1/2-1/2

[Event "I Memorial Victorio Riego Prieto"]
[Site "?"]
[Date "2011.01.07"]
[Round "3.1"]
[White "Spata, German"]
[Black "Villalba, Marcelo"]
[Result "1-0"]
[WhiteElo "2330"]
[BlackElo "2149"]
[Annotator "Julio Ingolotti"]
[PlyCount "87"]
[EventDate "2011.01.05"]
[SourceDate "2011.01.05"]

1. Nf3 d6 2. d4 Nf6 3. c4 g6 4. Nc3 Bg7 5. Bg5 O-O 6. e3 h6 7. Bh4 Bf5 8. Be2
g5 9. Bg3 Nh5 10. O-O Nxg3 11. hxg3 Nd7 12. Bd3 Bxd3 13. Qxd3 e6 14. e4 c6 15.
Rfe1 c5 16. d5 Ne5 17. Qe2 Nxf3+ 18. gxf3 Bxc3 19. bxc3 e5 20. Kg2 f5 21. Rh1
Kh7 $2 {Lamentable descuido. Posiblemente un bache en la concentración de
Marcelo.} ({Las negras estarían firmes después de} 21... fxe4 22. Qxe4 Rf6 $11)
22. exf5 Qf6 23. g4 Kg7 24. Rab1 Rab8 25. Rb3 Rh8 26. Ra3 Ra8 27. Qb2 Qf7 28.
Rb1 b6 29. Rh1 Kf6 ({Es mejor} 29... h5 {para descomprimirse y sacarse de
encima la prasión sobre h6. En el curso de la partida se  nota lo molesto de
esta presión.}) 30. Rh5 Rh7 31. Rb3 Qe8 32. Qe2 Qd7 33. Rb1 Rah8 34. Qc2 Rb8
35. Rb5 a6 36. Rb3 Qa4 37. Qb2 b5 38. Ra3 Qxc4 39. Rxa6 Qxd5 40. c4 $1 {
Excelente golpe!} Qd3 ({A} 40... Qd4 {sigue} 41. Qxd4 exd4 42. Rxd6+ Kg7 ({Si} 
42... Kf7 {también sigue} 43. f4 $1) ({Si} 42... Ke7 {sigue} 43. Rc6 {con gran
ventaja}) 43. f4 $1 gxf4 44. f6+ $1 ({La tentadora} 44. g5 {no es tan fuerte.
Las negras deben mantener la sangre fria y seguir} bxc4 $1 {y tienen
suficiente contrajuego para equilibrar la lucha. Después de} 45. Rg6+ Kh8 46.
Rgxh6 Rxh6 47. Rxh6+ Kg8 {las posibilidades de ambos bandos son iguales}) 44...
Kg6 45. Rxc5 {con gran ventaja}) 41. cxb5 Qd4 ({Algo mejor era} 41... Rxb5 {
pero luego de} 42. Rxd6+ Qxd6 43. Qxb5 {las blancas tienen mucha ventaja. Una
vez que la torre de h5 entre en juego todo acabará. Por ejemplo:} Kg7 44. Qb7+
Kg8 45. Qc8+ Qf8 (45... Kg7 46. Rh1 {y el fin está próximo}) 46. Qc6 Kg7 47.
Rh1 Kh8 48. Qe6 {y las negras no resisten}) 42. Qb3 {Amenazando un matecito}
Re8 ({Aunque algo mejor, tampoco resiste} 42... c4 43. Qb4 {por} Rd8 44. Rc6)
43. Ra4 {Impidiendo cualquier contrajuego mediante e5} Qd2 44. Rh1 {La entrada
en juego de la segunda torre es desvastadora. La amenaza Td1 no se puede
contrarrestar. Las negras abandonaron.} 1-0

[Event "I Memorial Victorio Riego Prieto"]
[Site "?"]
[Date "2011.01.07"]
[Round "3.2"]
[White "Brito, Luismar"]
[Black "Della Morte, German"]
[Result "1-0"]
[WhiteElo "2319"]
[BlackElo "2345"]
[PlyCount "129"]
[EventDate "2011.01.05"]
[SourceDate "2011.01.05"]

1. e4 c5 2. Nf3 e6 3. Nc3 Nc6 4. d4 cxd4 5. Nxd4 Qc7 6. Be3 a6 7. Bd3 Nf6 8.
O-O Ne5 9. Nf3 Nfg4 10. Nxe5 Nxe3 11. Qh5 g6 12. Qf3 Qxe5 13. fxe3 f6 14. Qxf6
Qxf6 15. Rxf6 Bg7 16. Rf3 b5 17. Kf1 Bb7 18. Ke2 Rc8 19. Kd2 Rc5 20. Raf1 Rf8
21. Rxf8+ Bxf8 22. a4 b4 23. Ne2 Bd6 24. h3 Re5 25. Nd4 Bxe4 26. Nf3 Rd5 27.
Ke2 Bxd3+ 28. cxd3 Ra5 29. Ra1 h5 30. Kf2 Rf5 31. Ke2 Kd8 32. Rc1 Bc7 33. Rc4
a5 34. b3 Rf8 35. Rc5 d5 36. Ng5 Rf6 37. Nh7 Rf5 38. g4 hxg4 39. hxg4 Rf7 40.
Ng5 Re7 41. Rc1 Kd7 42. Rf1 Bd8 43. Rf8 e5 44. Rg8 Re8 45. Rxg6 Rh8 46. Rg7+
Ke8 47. Nh7 Be7 48. Kf3 Kd7 49. g5 Ke6 50. Kg4 e4 51. dxe4 dxe4 52. Kf4 Rc8 53.
Rg6+ Kf7 54. Ra6 Rc3 55. g6+ Kg7 56. Ra7 Kxg6 57. Rxe7 Rxb3 58. Nf8+ Kf6 59.
Rxe4 Rd3 60. Ne6 b3 61. Nc5 Rc3 62. Re5 Rc4+ 63. Ne4+ Kf7 64. Rxa5 Rb4 65. Rb5
1-0

[Event "I Memorial Victorio Riego Prieto"]
[Site "?"]
[Date "2011.01.07"]
[Round "3.3"]
[White "Larrea, Manuel"]
[Black "Vazquez, Guillermo"]
[Result "1/2-1/2"]
[WhiteElo "2311"]
[BlackElo "2168"]
[PlyCount "65"]
[EventDate "2011.01.05"]
[SourceDate "2011.01.05"]

1. e4 c5 2. Nf3 Nc6 3. d4 cxd4 4. Nxd4 g6 5. Nc3 Bg7 6. Be3 Nf6 7. Bc4 O-O 8.
Bb3 d6 9. f3 Bd7 10. Qd2 Nxd4 11. Bxd4 b5 12. h4 b4 13. Nd5 e5 14. Be3 Nxd5 15.
Bxd5 Rc8 16. h5 Be6 17. hxg6 hxg6 18. O-O-O Bxd5 19. Qxd5 Qc7 20. Rd2 Rfd8 21.
Kb1 a5 22. Rc1 a4 23. c3 bxc3 24. Rxc3 Qd7 25. Rdc2 Rxc3 26. Rxc3 Rc8 27. Rxc8+
Qxc8 28. b3 axb3 29. Qxb3 Qa6 30. Qc2 Qb5+ 31. Kc1 Qf1+ 32. Kb2 Qb5+ 33. Kc1
1/2-1/2

[Event "I Memorial Victorio Riego Prieto"]
[Site "?"]
[Date "2011.01.07"]
[Round "3.4"]
[White "Latorre, Manuel"]
[Black "Catelli, Hernan"]
[Result "1-0"]
[WhiteElo "2296"]
[BlackElo "2212"]
[PlyCount "95"]
[EventDate "2011.01.05"]
[SourceDate "2011.01.05"]

1. d4 Nf6 2. Nf3 g6 3. c4 Bg7 4. Nc3 d6 5. e4 O-O 6. Be2 e5 7. d5 a5 8. Bg5 h6
9. Bh4 Na6 10. Nd2 Qe8 11. O-O Nh7 12. a3 h5 13. f3 Bd7 14. Kh1 Bh6 15. b3 Be3
16. Qc2 f5 17. exf5 gxf5 18. Bf2 Bxf2 19. Rxf2 Kh8 20. Qb2 Nf6 21. b4 axb4 22.
axb4 Qg6 23. c5 dxc5 24. Bxa6 bxa6 25. bxc5 Rfb8 26. Qa3 Bb5 27. Re1 Qg7 28.
Qa1 Bd3 29. Nf1 Rb4 30. Rd2 e4 31. Ne3 Qg6 32. d6 c6 33. fxe4 fxe4 34. Ncd5
cxd5 35. Nxd5 Rc4 36. Rf2 Qg7 37. Rxf6 Rxc5 38. Rh6+ Kg8 39. Rg6 Qxg6 40. Ne7+
Kf7 41. Nxg6 Kxg6 42. Qd4 Rb5 43. d7 Rd8 44. h4 Kf7 45. Kh2 Rf5 46. Rc1 Ke7 47.
Rc6 Rxd7 48. Qg7+ 1-0

[Event "I Memorial Victorio Riego Prieto"]
[Site "?"]
[Date "2011.01.07"]
[Round "3.5"]
[White "Kropff, Ricardo"]
[Black "Valiente, Cristobal"]
[Result "1/2-1/2"]
[WhiteElo "2294"]
[BlackElo "2257"]
[PlyCount "31"]
[EventDate "2011.01.05"]
[SourceDate "2011.01.05"]

1. d4 Nf6 2. c4 e6 3. Nf3 Bb4+ 4. Bd2 Qe7 5. g3 Nc6 6. Bg2 Bxd2+ 7. Nbxd2 d6 8.
O-O O-O 9. e4 a5 10. h3 e5 11. d5 Nb8 12. Ne1 Na6 13. Nd3 Nd7 14. Qc2 Ndc5 15.
Nxc5 Nxc5 16. Nb3 1/2-1/2

[Event "I Memorial Victorio Riego Prieto"]
[Site "?"]
[Date "2011.01.07"]
[Round "3.6"]
[White "Guimaraes, Wagner Peixoto"]
[Black "Peralta, Eduardo"]
[Result "1-0"]
[WhiteElo "2289"]
[BlackElo "2270"]
[PlyCount "159"]
[EventDate "2011.01.05"]
[SourceDate "2011.01.05"]

1. e4 c5 2. Nf3 Nc6 3. Bb5 g6 4. Bxc6 dxc6 5. d3 Bg7 6. O-O Nf6 7. h3 O-O 8. c3
b6 9. Re1 a5 10. d4 cxd4 11. cxd4 a4 12. Nc3 b5 13. a3 Be6 14. Bf4 Qb6 15. Be3
Qb7 16. e5 Nd7 17. Qc1 Bd5 18. Nxd5 cxd5 19. Bh6 Rac8 20. Qf4 e6 21. h4 f6 22.
Bxg7 Kxg7 23. exf6+ Rxf6 24. Qg4 Nf8 25. Qg3 Qb8 26. Qxb8 Rxb8 27. Rac1 Rf7 28.
Rc6 Re7 29. Rec1 h6 30. Ne5 Rbb7 31. Rc8 h5 32. R1c3 g5 33. hxg5 Ng6 34. Nc6
Rec7 35. Nd8 Rxc8 36. Rxc8 Re7 37. Rc5 Nf4 38. Kf1 Kg6 39. Rxb5 h4 40. g3 hxg3
41. fxg3 Nh3 42. Ke2 Nxg5 43. Rb7 Re8 44. Nc6 Rh8 45. g4 Rh1 46. Ne5+ Kf6 47.
Nd7+ Kg6 48. Nc5 Rg1 49. Nd3 Kf6 50. Ne5 Rg2+ 51. Kd1 Rh2 52. Kc1 Rh1+ 53. Kc2
Rh2+ 54. Kb1 Rh1+ 55. Ka2 Rh2 56. Ra7 Re2 57. Rxa4 Ne4 58. Ra7 Nc3+ 59. Kb3 Nb5
60. Rf7+ Kg5 61. Rg7+ Kh6 62. Re7 Nxd4+ 63. Kc3 Nb5+ 64. Kb4 Rxb2+ 65. Kc5 Nxa3
66. Rxe6+ Kg7 67. Kxd5 Nc2 68. g5 Rb7 69. Rg6+ Kh8 70. Rh6+ Kg7 71. Ke4 Re7 72.
Rg6+ Kh7 73. Rd6 Ne3 74. Kf4 Rxe5 75. Rd7+ Kg6 76. Kxe5 Kxg5 77. Rg7+ Kh5 78.
Rg1 Ng4+ 79. Kf4 Nf6 80. Kf5 1-0

[Event "I Memorial Victorio Riego Prieto"]
[Site "?"]
[Date "2011.01.08"]
[Round "4.1"]
[White "Villalba, Marcelo"]
[Black "Peralta, Eduardo"]
[Result "1/2-1/2"]
[WhiteElo "2149"]
[BlackElo "2270"]
[PlyCount "46"]
[EventDate "2011.01.05"]
[SourceDate "2011.01.05"]

1. e4 e6 2. d4 d5 3. exd5 exd5 4. Bd3 Nc6 5. c3 Bd6 6. Qf3 Be6 7. Ne2 Qd7 8. h3
Nge7 9. Bf4 O-O-O 10. Bxd6 Qxd6 11. Qf4 Kb8 12. Qxd6 Rxd6 13. Nd2 Bf5 14. Nf4
Bxd3 15. Nxd3 Ng6 16. O-O Re8 17. Rfe1 Rde6 18. Kf1 b6 19. Rxe6 Rxe6 20. Re1
Rxe1+ 21. Kxe1 Kc8 22. Ke2 Kd7 23. g3 f6 1/2-1/2

[Event "I Memorial Victorio Riego Prieto"]
[Site "?"]
[Date "2011.01.08"]
[Round "4.2"]
[White "Valiente, Cristobal"]
[Black "Guimaraes, Wagner Peixoto"]
[Result "1-0"]
[WhiteElo "2257"]
[BlackElo "2289"]
[PlyCount "81"]
[EventDate "2011.01.05"]
[SourceDate "2011.01.05"]

1. d4 d5 2. Nf3 Nf6 3. c4 dxc4 4. e3 c5 5. Bxc4 e6 6. O-O a6 7. a4 Nc6 8. Qe2
cxd4 9. Rd1 d3 10. Rxd3 Qc7 11. Nc3 Ng4 12. Rd1 Bd7 13. Bd2 Nce5 14. Nxe5 Nxe5
15. Ba2 Bc6 16. Be1 g5 17. Qh5 Rg8 18. Bxe6 Rg6 19. Nd5 Qd8 20. Nb4 Qf6 21.
Nxc6 bxc6 22. Ba2 Rh6 23. Qe2 g4 24. Bc3 Bd6 25. Bxe5 Qxe5 26. g3 Qf5 27. Rd4
Qf3 28. Qd3 Rb8 29. Rb1 Be5 30. Re4 Qf6 31. Rd1 Kf8 32. Rd2 Rg6 33. Qxa6 Qf5
34. Qa7 Rf6 35. Qc5+ Bd6 36. Qxf5 Rxf5 37. Rxd6 Rxb2 38. Rd8+ Kg7 39. Rxg4+ Kf6
40. Bc4 Ke7 41. Rgd4 1-0

[Event "I Memorial Victorio Riego Prieto"]
[Site "?"]
[Date "2011.01.08"]
[Round "4.3"]
[White "Catelli, Hernan"]
[Black "Kropff, Ricardo"]
[Result "0-1"]
[WhiteElo "2212"]
[BlackElo "2294"]
[PlyCount "56"]
[EventDate "2011.01.05"]
[SourceDate "2011.01.05"]

1. Nf3 d5 2. b3 c5 3. e3 a6 4. d4 Nc6 5. Be2 Bg4 6. O-O e6 7. h3 Bxf3 8. Bxf3
cxd4 9. exd4 Nf6 10. Bb2 Be7 11. Nd2 O-O 12. Re1 b5 13. c4 bxc4 14. bxc4 Rb8
15. Bc3 Bb4 16. Qc2 Qd7 17. c5 Bxc3 18. Qxc3 Rb4 19. Nb3 Rfb8 20. Rab1 Nxd4 21.
Qxd4 Rxd4 22. Nxd4 Rc8 23. Rec1 Qa7 24. c6 Qxd4 25. c7 Qf4 26. g3 Qd2 27. Rd1
Qa5 28. Rdc1 Nd7 0-1

[Event "I Memorial Victorio Riego Prieto"]
[Site "?"]
[Date "2011.01.08"]
[Round "4.4"]
[White "Vazquez, Guillermo"]
[Black "Latorre, Manuel"]
[Result "1/2-1/2"]
[WhiteElo "2168"]
[BlackElo "2296"]
[PlyCount "37"]
[EventDate "2011.01.05"]
[SourceDate "2011.01.05"]

1. d4 Nf6 2. Nf3 g6 3. g3 Bg7 4. Bg2 O-O 5. O-O d6 6. c4 c5 7. Nc3 Nc6 8. dxc5
dxc5 9. Be3 Be6 10. Ng5 Bxc4 11. Qa4 Na5 12. Bxc5 Qc7 13. Bb4 Nc6 14. Ba3 Ba6
15. Rfd1 Rfc8 16. Bxc6 Qxc6 17. Qxc6 Rxc6 18. Bxe7 h6 19. Nf3 1/2-1/2

[Event "I Memorial Victorio Riego Prieto"]
[Site "?"]
[Date "2011.01.08"]
[Round "4.5"]
[White "Della Morte, German"]
[Black "Larrea, Manuel"]
[Result "1-0"]
[WhiteElo "2345"]
[BlackElo "2311"]
[PlyCount "63"]
[EventDate "2011.01.05"]
[SourceDate "2011.01.05"]

1. e4 c5 2. Nf3 Nc6 3. d4 cxd4 4. Nxd4 Nf6 5. Nc3 e5 6. Ndb5 d6 7. Bg5 a6 8.
Na3 Be6 9. Nc4 Rc8 10. Bxf6 gxf6 11. Ne3 Bh6 12. Ncd5 Bxe3 13. Nxe3 Qb6 14. Bd3
Qxb2 15. O-O Qb6 16. Rb1 Qc7 17. Bc4 Ne7 18. Bb3 Rg8 19. Qh5 Kd7 20. Kh1 Rg6
21. f4 Bxb3 22. Rxb3 Qc6 23. fxe5 dxe5 24. Qxh7 Ke8 25. Qh8+ Kd7 26. Qh3+ Ke8
27. Nd5 Nxd5 28. exd5 Qd7 29. Qh8+ Ke7 30. d6+ Kxd6 31. Rd1+ Kc5 32. Qxc8+ 1-0

[Event "I Memorial Victorio Riego Prieto"]
[Site "?"]
[Date "2011.01.08"]
[Round "4.6"]
[White "Spata, German"]
[Black "Brito, Luismar"]
[Result "1/2-1/2"]
[WhiteElo "2330"]
[BlackElo "2319"]
[PlyCount "39"]
[EventDate "2011.01.05"]
[SourceDate "2011.01.05"]

1. d4 Nf6 2. c4 e6 3. Nc3 Bb4 4. e3 c5 5. Bd3 Nc6 6. Nge2 Bxc3+ 7. bxc3 d6 8.
O-O O-O 9. e4 e5 10. d5 Ne7 11. f4 Bg4 12. fxe5 dxe5 13. h3 Bxe2 14. Qxe2 Ne8
15. Be3 b6 16. Bg5 Qd7 17. Bc2 Nd6 18. Qd3 Ng6 19. Bd1 Rae8 20. Be2 1/2-1/2